000 00591nam a2200193 i 4500
001 24294
003 ES-MaACL
005 20230906153025.0
007 t|
008 021217s1954 sp ||||1| spa d
100 0 _aAntich, Ismael.
_921892
245 1 3 _aLa salud y las plantas
_b: la virtud curativa de las plantas en la terapéutica vegetal /
_cIsmael Antich Sariol.
260 _aBarcelona :
_bFama,
_c[1954]
300 _a152 p. :
_bil. ;
_c22 cm.
490 1 _aSerie técnica
830 0 _aSerie técnica
_9180903
852 _aES-MaACL
_jC-8368
_bR.36660
999 _c24294
_d24294